Afrikan yli 500 000 asukkaan kaupungit kartalla - Statistics

Yleistilastot
  • Tätä visaa on pelattu 12 kertaa
  • Keskiarvotulos 40 / 110
Vastaukset kartalla
Vastauksille on annettu kartalla punavihreä väri sen mukaan, kuinka moni on saanut sen oikein.
 
Vastaustilastot
% Oikein
Addis Abeba 3 860 000
100%
Alger 2 364 230
100%
Kairo 9 801 536
100%
Tunis 599 368
100%
Aleksandria 5 362 517
91%
Dakar 3 186 088
91%
Djibouti 767 250
91%
Johannesburg 7 860 781
91%
Kampala 1 797 722
91%
Kapkaupunki 3 430 992
91%
Mogadishu 1 650 227
91%
Nairobi 4 397 073
91%
Rabat 515 619
91%
Tripoli 1 293 016
91%
Accra 2 070 463
82%
Antananarivo 1 274 225
82%
Casablanca 3 218 036
82%
Dar es Salaam 5 383 728
82%
Khartum 1 410 858
82%
Kinshasa 7 273 947
82%
Dodoma 765 179
73%
Freetown 609 174
73%
Harare 1 491 754
73%
Luanda 6 759 313
73%
Maputo 1 080 277
73%
Monrovia 1 021 762
73%
Pretoria 1 763 336
73%
Bamako 4 227 569
64%
Brazzaville 2 138 236
64%
Kigali 1 517 168
64%
Lagos 5 195 247
64%
Lilongwe 1 162 500
64%
Ouagadougou 2 415 266
64%
Abidjan 5 616 633
55%
Conakry 1 660 973
55%
Libreville 703 940
55%
Lomé 2 188 376
55%
Lusaka 2 212 301
55%
Marrakech 1 014 813
55%
Niamey 978 029
55%
Yaoundé 1 817 524
55%
N’Djamena 951 418
45%
Cotonou 679 012
36%
Durban 2 786 046
36%
Giza 4 458 135
36%
Gqeberha 876 436
36%
Kano 2 166 554
36%
Mombasa 1 208 333
36%
Nouakchott 1 446 761
36%
Oran 803 329
36%
Tanger 1 275 428
36%
Hargeisa 741 000
27%
Agadir 504 768
18%
Bangui 812 407
18%
Bengasi 750 000
18%
Douala 1 906 962
18%
Ibadan 1 835 300
18%
Kumasi 2 035 064
18%
Oujda 506 224
18%
Pointe-Noire 1 398 812
18%
Port Harcourt 703 421
18%
Sansibar 709 809
18%
Aba 500 183
9%
Al-Fayyum 531 861
9%
Al-Mansura 632 330
9%
Arusha 617 631
9%
Asmera 896 000
9%
Beira 592 090
9%
Benin City 762 719
9%
Bobo-Dioulasso 904 920
9%
Bulawayo 665 952
9%
Fès 1 182 963
9%
Ilorin 532 089
9%
Jos 510 300
9%
Kaduna 993 642
9%
Kananga 720 362
9%
Kénitra 507 736
9%
Kisangani 682 599
9%
Lubumbashi 1 283 380
9%
Mahalla al-Kubra 614 202
9%
Maiduguri 618 278
9%
Matola 1 032 197
9%
Mbuji-Mayi 1 213 726
9%
Meknès 556 512
9%
Mwanza 1 104 521
9%
Nakuru 570 674
9%
Port Said 791 749
9%
Suez 716 458
9%
Ṭanṭā 597 694
9%
Zaria 612 257
9%
Al-Khartûm Bahrî 1 012 211
0%
Asyut 562 061
0%
Benguela 555 124
0%
Blantyre 871 800
0%
Bouaké 740 000
0%
Evaton 605 504
0%
Huambo 595 304
0%
Kabinda 550 000
0%
Khuṣūṣ 502 864
0%
Kitwe 665 961
0%
Lubango 600 751
0%
Mbeya 541 603
0%
Nampula 663 212
0%
Nansana 692 478
0%
Ndola 627 503
0%
Omdurman 1 849 659
0%
Salé 945 101
0%
Shubra el-Kheima 1 275 700
0%
Soshanguve 728 063
0%
Touba 1 120 824
0%
Ehtoja vastaavia visoja ei löytynyt
Tulosjakauma
Jokaisen tuloksen saaneiden osuus
Persentiili vastausten määrän mukaan
Tuloshistoriasi
Et ole pelannut tätä visaa